"Les Fables" de la Fontaine #1: La Cigale et la Fourmi - Statistiques

Statistiques générales
  • Ce quiz a été pris 376 fois
    353 depuis la dernière actualisation
  • Le résultat moyen est 15 sur 22
Statistiques - réponses
Réponse % Correct
Tout l'{été}
99%
La Cigale, ayant {chanté}
97%
Elle alla crier {famine}
94%
Chez la Fourmi {sa} {voisine},
92%
Se trouva fort {dépourvue}
92%
Quand la {bise} fut venue.
88%
Lui priant de lui {prêter}
81%
Eh bien! {Dansez} {maintenant}."
79%
Pas un seul petit {morceau}
77%
- Vous chantiez? J'en suis fort {aise}.
77%
La Fourmi n'est pas {prêteuse};
74%
Jusqu'à la saison {nouvelle}.
61%
Quelque {grain} pour subsister
60%
C'est là son {moindre} {défaut}.
55%
Avant l'{août}, foi d'animal,
49%
De {mouche} ou de vermisseau
48%
Dit-elle à cette {emprunteuse}.
44%
{Intérêt} {et} {principal}.
42%
Je chantais {ne} {vous} {déplaise}.
40%
"Que faisiez-vous {au} {temps} {chaud}?
38%
"{Je} {vous} {paierai}, lui dit-elle,
36%
- {Nuit} {et} {jour} à tout venant
28%
Aucun quiz correspondant
Distribution des résultats
% des personnes avec chaque résultat
Percentile par nombre de réponses
Votre historique - résultats
Vous n’avez pas pris ce quiz depuis la dernière actualisation